Представление документа в формате MARC21

Поле Инд. ПП Название Значение
Тип записи a
Библиографический уровень m
001 Контрольный номер e750dbec-b2fd-46ed-9c79-91198f60ffdc
005 Дата корректировки 20211015083039.2
008 Кодируемые данные 041201
020 a ISBN 5-09-013414-6 (1)
020 a ISBN 5-09-013416-2 (общ.)
040 a Служба первич. каталог. НБ ТвГУ
041 0_ a Код языка текста rus
080 a Индекс УДК 882.09(075.3)
084 a Индекс другой классификации/Индекс ББК Ш5(2=411.2)6я721-1
090 a Полочн. индекс Ш5(2=411.2)
x Авторский знак Р 89
245 10 a Заглавие Русская литература XX века. 11 класс
b Продолж. заглавия учебник для общеобразовательных учреждений : в 2 ч.
c Ответственность составитель Е. П. Пронина ; под редакцией В. П. Журавлева
n Номер части/ раздела Ч. 1
246 03 a Другая форма заглавия Литература. 11 класс
250 a Основные сведения об издании 9-е изд.
260 0_ a Место издания Москва
b Издательство Просвещение
c Дата издания 2004
300 a Объем 399 с.
b Иллюстрации/ тип воспроизводства портр.
653 0_ a Ключевые слова Русская литература 20 в.
a Ключевые слова История русской литературы 20 в.
a Ключевые слова Учебники для средней школы
a Ключевые слова 1900-1920 гг.
a Ключевые слова 20 в.
700 1_ a Другие авторы Смирнова Л. А.
700 1_ a Другие авторы Михайлов О. Н.
700 1_ a Другие авторы Турков Андрей Михайлович
700 1_ a Другие авторы Журавлев В. П.
700 1_ a Другие авторы Пронина Е. П.
852 41 i Расстановочный признак Проверка 2021
901 t Тип документа m
920 a Оператор Поля
a Оператор Суха
930 a Новая/Ретро ретро
952 c Вид литературы К ру
954 a Дата поступления на обработку 2004120-8
e Дата перешифровки 20210824
954 a Дата поступления на обработку 20211015